00526nam a2200121 a 4500008004100000050001900041100002100060245010900081260013200190350000900322650003300331650004000364100819s2009 ||||||||||||||||| || u aTHESIS/STUDENT aChisala, Gillien14aThe use of project method to teach the presentation of data in the form of graphs and tables to grade 11 aKitwebCopperbelt University, School of Mathematics and Natural Sciences, Department of Mathematics and Science Educationc2009 a0.00 aEDUCATION, SECONDARY--ZAMBIA 0aEDUCATIONAL TESTS AND MEASUREMENTS